[Event "CECLUB Segunda División"]
[Site "Linares"]
[Date "2017.08.08"]
[Round "1"]
[White "Gallardo Fernandez, Cesar"]
[Black "Barlov, Dragan"]
[Result "0-1"]
[Board "2"]
[WhiteElo "2187"]
[WhiteCountry "ESP"]
[WhiteFideId "2225280"]
[WhiteEloChange "-4"]
[BlackTitle "GM"]
[BlackElo "2425"]
[BlackCountry "SRB"]
[BlackFideId "900214"]
[BlackEloChange "2"]

1. e4 {[%clk 1:30:52]} c5 {[%clk 1:30:11]} 2. c3 {[%clk 1:31:04]} d5 {[%clk
1:28:53]} 3. exd5 {[%clk 1:31:17]} Qxd5 {[%clk 1:29:10]} 4. d4 {[%clk 1:31:32]}
Nf6 {[%clk 1:28:58]} 5. Nf3 {[%clk 1:31:40]} e6 {[%clk 1:28:55]} 6. Na3 {[%clk
1:31:03]} Qd8 {[%clk 1:24:54]} 7. Bg5 {[%clk 1:22:22]} cxd4 {[%clk 1:18:26]} 8.
Nxd4 {[%clk 1:17:59]} Bxa3 {[%clk 1:05:21]} 9. Qa4+ {[%clk 1:14:43]} Nc6 {[%clk
0:44:14]} 10. Nxc6 {[%clk 1:07:12]} Bd7 {[%clk 0:43:41]} 11. Qxa3 {[%clk
0:54:39]} Bxc6 {[%clk 0:44:02]} 12. Rd1 {[%clk 0:50:29]} Qe7 {[%clk 0:36:59]} 13.
Qxe7+ {[%clk 0:50:11]} Kxe7 {[%clk 0:37:27]} 14. f3 {[%clk 0:47:43]} Rhc8 {[%clk
0:33:31]} 15. c4 {[%clk 0:41:11]} a6 {[%clk 0:30:11]} 16. Kf2 {[%clk 0:33:19]} b5
{[%clk 0:26:53]} 17. b3 {[%clk 0:31:55]} bxc4 {[%clk 0:25:55]} 18. Bxc4 {[%clk
0:30:29]} Bb5 {[%clk 0:26:04]} 19. Be2 {[%clk 0:27:36]} Rc2 {[%clk 0:17:53]} 20.
Rd2 {[%clk 0:27:56]} Rxd2 {[%clk 0:17:10]} 21. Bxd2 {[%clk 0:28:19]} Nd5 {[%clk
0:08:17]} 22. Rc1 {[%clk 0:26:36]} Bxe2 {[%clk 0:06:35]} 23. Kxe2 {[%clk
0:27:03]} Kd7 {[%clk 0:04:55]} 24. Rc4 {[%clk 0:26:07]} h5 {[%clk 0:04:51]} 25.
Kd3 {[%clk 0:24:21]} Rb8 {[%clk 0:02:22]} 26. b4 {[%clk 0:19:33]} f6 {[%clk
0:02:07]} 27. Kc2 {[%clk 0:18:53]} g5 {[%clk 0:01:23]} 28. Kb3 {[%clk 0:18:27]}
a5 {[%clk 0:01:23]} 29. a3 {[%clk 0:18:11]} axb4 {[%clk 0:01:40]} 30. axb4 {[%clk
0:18:07]} Ra8 {[%clk 0:01:07]} 31. b5 {[%clk 0:14:06]} h4 {[%clk 0:01:09]} 32.
Ra4 {[%clk 0:10:22]} Rb8 {[%clk 0:01:30]} 33. Ra7+ {[%clk 0:10:42]} Kd6 {[%clk
0:01:49]} 34. Ra6+ {[%clk 0:07:09]} Ke5 {[%clk 0:01:36]} 35. Kc4 {[%clk 0:07:01]}
Nb6+ {[%clk 0:00:33]} 36. Kc5 {[%clk 0:05:51]} Nd5 {[%clk 0:01:02]} 37. Rc6
{[%clk 0:04:26]} Ra8 {[%clk 0:00:58]} 38. b6 {[%clk 0:03:33]} Ra2 {[%clk
0:00:48]} 39. Bc1 {[%clk 0:01:47]} Nxb6 {[%clk 0:00:39]} 40. Kxb6 {[%clk
0:02:09]} Rxg2 {[%clk 0:01:03]} 41. Ba3 {[%clk 0:01:44]} Kf5 {[%clk 0:00:59]} 42.
Bd6 {[%clk 0:01:52]} Rf2 {[%clk 0:00:55]} 43. Rc3 {[%clk 0:01:32]} e5 {[%clk
0:00:49]} 44. h3 {[%clk 0:01:22]} Rh2 {[%clk 0:00:45]} 45. Be7 {[%clk 0:01:08]}
Rxh3 {[%clk 0:00:59]} 46. Rc6 {[%clk 0:01:29]} Rxf3 {[%clk 0:01:17]} 47. Rxf6+
{[%clk 0:01:47]} Kg4 {[%clk 0:00:38]} 48. Rh6 {[%clk 0:01:49]} e4 {[%clk
0:00:43]} 49. Kc5 {[%clk 0:01:32]} Rf7 {[%clk 0:00:39]} 50. Bd6 {[%clk 0:01:06]}
Kf3 {[%clk 0:00:32]} 51. Re6 {[%clk 0:00:31]} g4 {[%clk 0:00:33]} 52. Kd4 {[%clk
0:00:43]} g3 {[%clk 0:00:47]} 53. Rxe4 {[%clk 0:00:35]} g2 {[%clk 0:00:37]} 54.
Re3+ {[%clk 0:00:39]} Kf2 {[%clk 0:01:02]} 55. Bh2 {[%clk 0:00:39]} 0-1

[Event "CECLUB Segunda División"]
[Site "Linares"]
[Date "2017.08.08"]
[Round "1"]
[White "Garcia Padron, Jose"]
[Black "Chacon Perez, Juan"]
[Result "1/2-1/2"]
[Board "3"]
[WhiteTitle "IM"]
[WhiteElo "2432"]
[WhiteCountry "ESP"]
[WhiteFideId "2200120"]
[WhiteEloChange "-4"]
[BlackElo "2070"]
[BlackCountry "ESP"]
[BlackFideId "32047843"]
[BlackEloChange "8"]

1. c4 {[%clk 1:30:54]} e5 {[%clk 1:30:45]} 2. Nc3 {[%clk 1:31:12]} Nc6 {[%clk
1:30:44]} 3. Nf3 {[%clk 1:31:09]} f5 {[%clk 1:30:11]} 4. d4 {[%clk 1:24:04]} e4
{[%clk 1:30:35]} 5. Ng5 {[%clk 1:24:20]} Bb4 {[%clk 1:30:59]} 6. h4 {[%clk
1:22:30]} h6 {[%clk 1:28:52]} 7. Nh3 {[%clk 1:20:32]} Qxh4 {[%clk 1:29:12]} 8. e3
{[%clk 1:20:30]} Bxc3+ {[%clk 1:10:47]} 9. bxc3 {[%clk 1:20:52]} d6 {[%clk
1:10:51]} 10. Rb1 {[%clk 1:18:19]} Nge7 {[%clk 1:06:44]} 11. d5 {[%clk 0:57:05]}
Ne5 {[%clk 1:03:35]} 12. c5 {[%clk 0:56:27]} O-O {[%clk 0:59:56]} 13. cxd6 {[%clk
0:45:20]} cxd6 {[%clk 1:00:02]} 14. Be2 {[%clk 0:44:01]} f4 {[%clk 0:46:23]} 15.
exf4 {[%clk 0:43:27]} Nd3+ {[%clk 0:46:45]} 16. Bxd3 {[%clk 0:43:23]} exd3 {[%clk
0:47:07]} 17. Rb2 {[%clk 0:27:09]} Bf5 {[%clk 0:41:52]} 18. c4 {[%clk 0:26:10]}
Rae8 {[%clk 0:40:54]} 19. Kf1 {[%clk 0:25:36]} Ng6 {[%clk 0:30:28]} 20. Kg1
{[%clk 0:16:17]} Qe7 {[%clk 0:29:13]} 21. Bd2 {[%clk 0:10:55]} Qe4 {[%clk
0:21:04]} 22. Rxb7 {[%clk 0:10:22]} Nh4 {[%clk 0:21:28]} 23. Qf1 {[%clk 0:10:24]}
Rf6 {[%clk 0:20:38]} 24. f3 {[%clk 0:08:28]} Qxc4 {[%clk 0:20:26]} 25. Nf2 {[%clk
0:06:11]} Qxd5 {[%clk 0:18:56]} 26. Rxg7+ {[%clk 0:04:02]} Kxg7 {[%clk 0:19:21]}
27. Rxh4 {[%clk 0:04:27]} Rg6 {[%clk 0:18:56]} 28. Ng4 {[%clk 0:03:39]} Bxg4
{[%clk 0:18:48]} 29. fxg4 {[%clk 0:04:01]} Qd4+ {[%clk 0:18:04]} 30. Kh1 {[%clk
0:04:00]} Re2 {[%clk 0:17:57]} 31. Qc1 {[%clk 0:04:02]} Qe4 {[%clk 0:16:37]} 32.
Qc7+ {[%clk 0:03:37]} Qe7 {[%clk 0:16:56]} 33. Qxe7+ {[%clk 0:03:32]} Rxe7 {[%clk
0:17:20]} 34. f5 {[%clk 0:03:24]} Rg5 {[%clk 0:15:20]} 35. f6+ {[%clk 0:03:28]}
Kxf6 {[%clk 0:15:44]} 36. Rxh6+ {[%clk 0:02:56]} Rg6 {[%clk 0:16:08]} 37. g5+
{[%clk 0:02:51]} Kf5 {[%clk 0:13:39]} 38. g4+ {[%clk 0:03:07]} Kxg4 {[%clk
0:12:40]} 39. Rxg6 {[%clk 0:03:31]} Re2 {[%clk 0:13:03]} 40. Rf6 {[%clk 0:01:24]}
Rxd2 {[%clk 0:13:18]} 41. g6 {[%clk 0:01:44]} Kg3 {[%clk 0:12:20]} 42. Kg1 {[%clk
0:01:29]} Rg2+ {[%clk 0:09:19]} 43. Kf1 {[%clk 0:01:39]} d2 {[%clk 0:09:32]} 44.
Rxd6 {[%clk 0:01:58]} Kh2 {[%clk 0:09:54]} 45. g7 {[%clk 0:01:36]} d1Q+ {[%clk
0:09:40]} 46. Rxd1 {[%clk 0:01:57]} Rxg7 {[%clk 0:10:06]} 47. Rd2+ {[%clk
0:02:14]} Kh3 {[%clk 0:10:29]} 48. Rf2 {[%clk 0:02:35]} Rb7 {[%clk 0:10:44]} 49.
Rf3+ {[%clk 0:02:35]} 1/2-1/2

[Event "CECLUB Segunda División"]
[Site "Linares"]
[Date "2017.08.08"]
[Round "1"]
[White "Garcia Jimenez, Santiago"]
[Black "Bellon Lopez, Juan Manuel"]
[Result "0-1"]
[Board "4"]
[WhiteElo "2056"]
[WhiteCountry "ESP"]
[WhiteFideId "24543241"]
[WhiteEloChange "-4"]
[BlackTitle "GM"]
[BlackElo "2319"]
[BlackCountry "ESP"]
[BlackFideId "2200031"]
[BlackEloChange "4"]

1. e4 {[%clk 1:30:57]} c5 {[%clk 1:31:20]} 2. Nf3 {[%clk 1:31:19]} e6 {[%clk
1:31:29]} 3. d4 {[%clk 1:31:42]} cxd4 {[%clk 1:31:53]} 4. Nxd4 {[%clk 1:32:08]}
a6 {[%clk 1:32:14]} 5. Nc3 {[%clk 1:32:28]} b5 {[%clk 1:32:29]} 6. Bd3 {[%clk
1:32:12]} Qb6 {[%clk 1:32:38]} 7. Be3 {[%clk 1:32:10]} Bc5 {[%clk 1:31:55]} 8.
Qg4 {[%clk 1:31:21]} Bxd4 {[%clk 1:19:20]} 9. e5 {[%clk 1:30:56]} Bxe3 {[%clk
1:10:53]} 10. Qxg7 {[%clk 1:31:17]} Bxf2+ {[%clk 0:48:11]} 11. Kf1 {[%clk
1:31:40]} Bh4 {[%clk 0:46:28]} 12. Ne4 {[%clk 1:24:05]} Bb7 {[%clk 0:42:24]} 13.
Nd6+ {[%clk 1:24:05]} Qxd6 {[%clk 0:42:48]} 14. exd6 {[%clk 1:16:37]} Bf6 {[%clk
0:43:16]} 15. Qg3 {[%clk 1:16:19]} Nc6 {[%clk 0:43:04]} 16. Be4 {[%clk 0:47:27]}
Bxb2 {[%clk 0:42:06]} 17. Rb1 {[%clk 0:45:46]} Be5 {[%clk 0:40:25]} 18. Qe3
{[%clk 0:44:24]} Bd4 {[%clk 0:36:19]} 19. Qd2 {[%clk 0:40:38]} Bg7 {[%clk
0:35:05]} 20. Qg5 {[%clk 0:36:04]} Bf6 {[%clk 0:32:21]} 21. Qf4 {[%clk 0:30:59]}
Rc8 {[%clk 0:31:11]} 22. Qf2 {[%clk 0:23:48]} Bd8 {[%clk 0:29:55]} 23. Bf3 {[%clk
0:13:10]} Nf6 {[%clk 0:29:32]} 24. g4 {[%clk 0:12:49]} Na5 {[%clk 0:24:01]} 25.
Bxb7 {[%clk 0:11:09]} Nxb7 {[%clk 0:24:26]} 26. g5 {[%clk 0:10:09]} Nd5 {[%clk
0:23:45]} 27. Qd4 {[%clk 0:08:43]} O-O {[%clk 0:22:29]} 28. Rb2 {[%clk 0:05:31]}
Nxd6 {[%clk 0:22:18]} 29. Rb3 {[%clk 0:01:19]} Nf5 {[%clk 0:21:33]} 0-1

[Event "CECLUB Segunda División"]
[Site "Linares"]
[Date "2017.08.08"]
[Round "1"]
[White "Garcia Molla, Victor"]
[Black "Dvirnyy, Danyyil"]
[Result "1-0"]
[Board "1"]
[WhiteTitle "FM"]
[WhiteElo "2344"]
[WhiteCountry "ESP"]
[WhiteFideId "2201062"]
[WhiteEloChange "15"]
[BlackTitle "GM"]
[BlackElo "2558"]
[BlackCountry "ITA"]
[BlackFideId "817570"]
[BlackEloChange "-8"]

1. d4 {[%clk 1:30:56]} d5 {[%clk 1:30:53]} 2. c4 {[%clk 1:31:18]} c6 {[%clk
1:31:17]} 3. Nf3 {[%clk 1:31:36]} e6 {[%clk 1:31:28]} 4. g3 {[%clk 1:29:44]} Nd7
{[%clk 1:29:31]} 5. Nbd2 {[%clk 1:25:35]} Ngf6 {[%clk 1:29:03]} 6. Bg2 {[%clk
1:25:49]} Be7 {[%clk 1:28:59]} 7. O-O {[%clk 1:26:03]} O-O {[%clk 1:29:17]} 8.
Qc2 {[%clk 1:24:08]} b6 {[%clk 1:27:37]} 9. b3 {[%clk 1:19:12]} Bb7 {[%clk
1:27:36]} 10. Bb2 {[%clk 1:19:04]} c5 {[%clk 1:19:14]} 11. dxc5 {[%clk 1:11:10]}
Bxc5 {[%clk 1:15:58]} 12. Rad1 {[%clk 1:01:48]} Rc8 {[%clk 1:05:44]} 13. Qb1
{[%clk 0:56:01]} Qc7 {[%clk 1:05:38]} 14. cxd5 {[%clk 0:54:02]} Bxd5 {[%clk
1:05:37]} 15. e4 {[%clk 0:51:10]} Bb7 {[%clk 1:05:39]} 16. e5 {[%clk 0:49:20]}
Nd5 {[%clk 1:01:21]} 17. Ng5 {[%clk 0:45:59]} g6 {[%clk 1:01:43]} 18. Nc4 {[%clk
0:40:39]} b5 {[%clk 0:55:29]} 19. Nd6 {[%clk 0:40:07]} Bxd6 {[%clk 0:54:50]} 20.
exd6 {[%clk 0:40:28]} Qxd6 {[%clk 0:54:38]} 21. Qe4 {[%clk 0:39:27]} Qe7 {[%clk
0:44:03]} 22. Qd4 {[%clk 0:33:11]} e5 {[%clk 0:41:35]} 23. Qh4 {[%clk 0:30:11]}
f6 {[%clk 0:41:22]} 24. Bxd5+ {[%clk 0:28:03]} Bxd5 {[%clk 0:41:45]} 25. Rxd5
{[%clk 0:28:16]} fxg5 {[%clk 0:41:54]} 26. Qh3 {[%clk 0:23:28]} g4 {[%clk
0:41:55]} 27. Qh6 {[%clk 0:23:38]} Rf5 {[%clk 0:40:10]} 28. Rfd1 {[%clk 0:20:53]}
Nb6 {[%clk 0:39:30]} 29. Rd6 {[%clk 0:20:24]} Rcf8 {[%clk 0:38:24]} 30. Ba3
{[%clk 0:19:14]} Qg7 {[%clk 0:37:27]} 31. Qxg7+ {[%clk 0:18:15]} Kxg7 {[%clk
0:37:53]} 32. Rxb6 {[%clk 0:18:36]} axb6 {[%clk 0:38:16]} 33. Bxf8+ {[%clk
0:18:59]} Rxf8 {[%clk 0:31:23]} 34. Rd5 {[%clk 0:18:58]} Ra8 {[%clk 0:31:20]} 35.
Rxe5 {[%clk 0:18:18]} Rxa2 {[%clk 0:31:33]} 36. Rxb5 {[%clk 0:18:39]} Rb2 {[%clk
0:31:32]} 37. Rxb6 {[%clk 0:18:56]} Rb1+ {[%clk 0:30:34]} 38. Kg2 {[%clk
0:19:17]} g5 {[%clk 0:25:45]} 39. h4 {[%clk 0:18:04]} gxh4 {[%clk 0:24:52]} 40.
gxh4 {[%clk 0:18:25]} h5 {[%clk 0:25:08]} 41. b4 {[%clk 0:17:04]} Rb3 {[%clk
0:24:13]} 42. Rb5 {[%clk 0:16:54]} Kg6 {[%clk 0:24:32]} 43. Rg5+ {[%clk 0:16:26]}
Kh6 {[%clk 0:23:45]} 44. b5 {[%clk 0:16:40]} Rb4 {[%clk 0:23:00]} 45. Rc5 {[%clk
0:16:45]} Kg6 {[%clk 0:23:20]} 46. Rc6+ {[%clk 0:16:52]} Kf5 {[%clk 0:22:52]} 47.
Rh6 {[%clk 0:14:05]} Kf4 {[%clk 0:18:52]} 48. Rxh5 {[%clk 0:14:02]} Rb2 {[%clk
0:19:13]} 49. Rg5 {[%clk 0:12:38]} g3 {[%clk 0:19:36]} 50. Rxg3 {[%clk 0:13:01]}
Rxb5 {[%clk 0:20:02]} 51. Rh3 {[%clk 0:12:28]} Rh5 {[%clk 0:20:25]} 52. Ra3
{[%clk 0:12:44]} Rb5 {[%clk 0:20:05]} 53. Ra4+ {[%clk 0:13:04]} Kf5 {[%clk
0:20:29]} 54. Kg3 {[%clk 0:13:05]} Rb1 {[%clk 0:20:47]} 55. Ra5+ {[%clk 0:12:51]}
Kg6 {[%clk 0:21:11]} 56. h5+ {[%clk 0:11:11]} Kh6 {[%clk 0:21:33]} 57. f4 {[%clk
0:11:04]} Rg1+ {[%clk 0:19:26]} 58. Kf3 {[%clk 0:11:26]} Rf1+ {[%clk 0:19:12]}
59. Kg4 {[%clk 0:11:48]} Rg1+ {[%clk 0:19:35]} 60. Kf5 {[%clk 0:11:48]} Rb1
{[%clk 0:15:30]} 61. Ra8 {[%clk 0:10:51]} Rc1 {[%clk 0:13:30]} 62. Rh8+ {[%clk
0:10:39]} Kg7 {[%clk 0:13:56]} 63. Re8 {[%clk 0:11:00]} Kh6 {[%clk 0:14:18]} 64.
Kf6 {[%clk 0:10:14]} Rc6+ {[%clk 0:13:13]} 65. Re6 {[%clk 0:10:31]} Rc4 {[%clk
0:11:42]} 66. f5 {[%clk 0:10:29]} Rc7 {[%clk 0:07:38]} 67. Re7 {[%clk 0:09:31]}
Rc6+ {[%clk 0:07:59]} 68. Ke5 {[%clk 0:09:04]} Rc5+ {[%clk 0:07:30]} 69. Ke6
{[%clk 0:09:26]} Kxh5 {[%clk 0:03:55]} 70. f6 {[%clk 0:09:31]} Kh6 {[%clk
0:04:02]} 71. Re8 {[%clk 0:09:18]} Rc6+ {[%clk 0:03:49]} 72. Kf7 {[%clk 0:07:13]}
Kh7 {[%clk 0:04:09]} 73. Re7 {[%clk 0:06:15]} Ra6 {[%clk 0:03:19]} 74. Kf8+
{[%clk 0:06:19]} Kg6 {[%clk 0:00:39]} 75. f7 {[%clk 0:06:41]} Kh7 {[%clk
0:00:33]} 76. Re8 {[%clk 0:06:32]} Ra7 {[%clk 0:00:46]} 77. Rd8 {[%clk 0:06:24]}
Kg6 {[%clk 0:00:34]} 78. Rd6+ {[%clk 0:06:46]} Kh7 {[%clk 0:01:00]} 79. Ke8
{[%clk 0:07:03]} 1-0

[Event "CECLUB Segunda División"]
[Site "Linares"]
[Date "2017.08.08"]
[Round "1"]
[White "Vega Gutierrez, Sabrina"]
[Black "Engo Pardo, Javier"]
[Result "1-0"]
[Board "2"]
[WhiteTitle "IM"]
[WhiteElo "2369"]
[WhiteCountry "ESP"]
[WhiteFideId "2219026"]
[WhiteEloChange "5"]
[BlackElo "2199"]
[BlackCountry "ESP"]
[BlackFideId "2286505"]
[BlackEloChange "-5"]

1. e4 {[%clk 1:30:54]} d6 {[%clk 1:30:37]} 2. d4 {[%clk 1:31:13]} Nf6 {[%clk
1:30:53]} 3. Nc3 {[%clk 1:31:34]} g6 {[%clk 1:30:59]} 4. Bg5 {[%clk 1:31:01]} Bg7
{[%clk 1:30:04]} 5. Qd2 {[%clk 1:30:57]} h6 {[%clk 1:19:49]} 6. Bh4 {[%clk
1:30:51]} O-O {[%clk 1:18:29]} 7. O-O-O {[%clk 1:30:24]} c6 {[%clk 1:05:44]} 8.
Kb1 {[%clk 1:17:23]} Qc7 {[%clk 0:58:26]} 9. f4 {[%clk 1:15:42]} b5 {[%clk
0:54:42]} 10. Bxf6 {[%clk 1:07:22]} Bxf6 {[%clk 0:42:57]} 11. e5 {[%clk 1:06:43]}
Bg7 {[%clk 0:43:06]} 12. Nf3 {[%clk 1:04:54]} Bg4 {[%clk 0:33:04]} 13. Be2 {[%clk
1:00:35]} a5 {[%clk 0:30:25]} 14. h3 {[%clk 0:55:56]} Be6 {[%clk 0:26:43]} 15. d5
{[%clk 0:44:00]} cxd5 {[%clk 0:21:15]} 16. Nxd5 {[%clk 0:33:12]} Qb7 {[%clk
0:20:07]} 17. Qd3 {[%clk 0:31:17]} dxe5 {[%clk 0:13:42]} 18. Nxe5 {[%clk
0:30:59]} b4 {[%clk 0:13:08]} 19. Bf3 {[%clk 0:29:42]} Bxd5 {[%clk 0:09:23]} 20.
Bxd5 {[%clk 0:29:53]} Qa6 {[%clk 0:09:41]} 21. Bxa8 {[%clk 0:19:55]} Qxa8 {[%clk
0:09:54]} 22. Qd5 {[%clk 0:20:04]} Qa6 {[%clk 0:09:15]} 23. Rhe1 {[%clk 0:20:18]}
e6 {[%clk 0:05:32]} 24. Qc4 {[%clk 0:17:19]} Qb7 {[%clk 0:05:07]} 25. Qe4 {[%clk
0:17:39]} Qb5 {[%clk 0:04:59]} 26. Rd6 {[%clk 0:12:29]} a4 {[%clk 0:03:14]} 27.
Red1 {[%clk 0:05:22]} b3 {[%clk 0:03:04]} 28. cxb3 {[%clk 0:05:35]} axb3 {[%clk
0:02:47]} 29. a3 {[%clk 0:05:20]} Bf6 {[%clk 0:02:48]} 30. Qb4 {[%clk 0:04:12]}
Qe2 {[%clk 0:02:23]} 31. R6d2 {[%clk 0:03:15]} Qh5 {[%clk 0:01:27]} 32. Ng4
{[%clk 0:02:13]} Bg7 {[%clk 0:00:32]} 33. Rd8 {[%clk 0:01:54]} Qf5+ {[%clk
0:00:37]} 34. R8d3 {[%clk 0:01:55]} Nc6 {[%clk 0:00:45]} 35. Qa4 {[%clk 0:00:36]}
h5 {[%clk 0:00:33]} 36. Qxc6 {[%clk 0:00:37]} hxg4 {[%clk 0:00:55]} 37. hxg4
{[%clk 0:00:45]} Qxf4 {[%clk 0:00:54]} 38. Qf3 {[%clk 0:01:00]} Qc7 {[%clk
0:00:38]} 39. Rxb3 {[%clk 0:01:25]} Rc8 {[%clk 0:00:33]} 40. Rb7 {[%clk 0:01:15]}
Qc2+ {[%clk 0:00:50]} 41. Ka1 {[%clk 0:01:40]} Bf6 {[%clk 0:00:31]} 42. Rf1
{[%clk 0:00:49]} 1-0

[Event "CECLUB Segunda División"]
[Site "Linares"]
[Date "2017.08.08"]
[Round "1"]
[White "Tejedor Barber, Lorenzo"]
[Black "Gutierrez Olivares, Daniel"]
[Result "0-1"]
[Board "3"]
[WhiteElo "2050"]
[WhiteCountry "ESP"]
[WhiteFideId "2237849"]
[WhiteEloChange "-3"]
[BlackTitle "FM"]
[BlackElo "2349"]
[BlackCountry "ESP"]
[BlackFideId "2264005"]
[BlackEloChange "3"]

1. e4 {[%clk 1:30:45]} e6 {[%clk 1:30:39]} 2. d4 {[%clk 1:31:06]} d5 {[%clk
1:31:02]} 3. Nc3 {[%clk 1:31:04]} Bb4 {[%clk 1:30:58]} 4. a3 {[%clk 1:30:36]}
Bxc3+ {[%clk 1:28:57]} 5. bxc3 {[%clk 1:30:51]} dxe4 {[%clk 1:28:29]} 6. Qg4
{[%clk 1:30:04]} Nf6 {[%clk 1:27:42]} 7. Qxg7 {[%clk 1:29:25]} Rg8 {[%clk
1:27:48]} 8. Qh6 {[%clk 1:29:29]} c5 {[%clk 1:25:58]} 9. Ne2 {[%clk 1:25:55]} Nc6
{[%clk 1:15:24]} 10. Bg5 {[%clk 1:17:49]} Rg6 {[%clk 1:03:37]} 11. Qh4 {[%clk
1:11:49]} cxd4 {[%clk 1:02:18]} 12. Rd1 {[%clk 1:02:56]} e5 {[%clk 0:59:14]} 13.
f4 {[%clk 0:51:09]} exf3 {[%clk 0:43:38]} 14. Ng3 {[%clk 0:47:16]} f2+ {[%clk
0:42:10]} 15. Kxf2 {[%clk 0:46:41]} Rxg5 {[%clk 0:40:11]} 16. Bb5 {[%clk
0:43:59]} Rg4 {[%clk 0:33:38]} 17. Qh6 {[%clk 0:41:10]} Rg6 {[%clk 0:33:37]} 18.
Qc1 {[%clk 0:35:51]} Ng4+ {[%clk 0:32:22]} 19. Ke2 {[%clk 0:31:26]} Qd5 {[%clk
0:27:50]} 20. Bxc6+ {[%clk 0:30:46]} bxc6 {[%clk 0:27:42]} 0-1

[Event "CECLUB Segunda División"]
[Site "Linares"]
[Date "2017.08.08"]
[Round "1"]
[White "Vega Gutierrez, Belinda"]
[Black "Cebrian Martinez, Antonio"]
[Result "1-0"]
[Board "4"]
[WhiteTitle "WIM"]
[WhiteElo "2178"]
[WhiteCountry "ESP"]
[WhiteFideId "2229994"]
[WhiteEloChange "5"]
[BlackElo "1967"]
[BlackCountry "ESP"]
[BlackFideId "2231646"]
[BlackEloChange "-5"]

1. e4 {[%clk 1:30:55]} d5 {[%clk 1:30:54]} 2. exd5 {[%clk 1:31:07]} Qxd5 {[%clk
1:31:16]} 3. d4 {[%clk 1:30:10]} Nf6 {[%clk 1:18:52]} 4. Nf3 {[%clk 1:25:58]} Bf5
{[%clk 1:12:12]} 5. Be2 {[%clk 1:09:24]} e6 {[%clk 1:11:33]} 6. O-O {[%clk
1:08:29]} c6 {[%clk 1:06:09]} 7. c4 {[%clk 1:07:43]} Qd8 {[%clk 1:06:29]} 8. Nh4
{[%clk 0:58:15]} Bxb1 {[%clk 1:03:09]} 9. Rxb1 {[%clk 0:58:36]} Bd6 {[%clk
1:03:22]} 10. Nf3 {[%clk 0:55:40]} Nbd7 {[%clk 1:03:12]} 11. b4 {[%clk 0:53:14]}
a6 {[%clk 1:01:26]} 12. c5 {[%clk 0:46:44]} Bc7 {[%clk 1:01:12]} 13. Qc2 {[%clk
0:46:39]} O-O {[%clk 0:47:25]} 14. a4 {[%clk 0:41:48]} Nd5 {[%clk 0:39:27]} 15.
Ng5 {[%clk 0:36:10]} N7f6 {[%clk 0:39:44]} 16. Rb3 {[%clk 0:24:16]} Bf4 {[%clk
0:24:23]} 17. b5 {[%clk 0:16:06]} axb5 {[%clk 0:23:57]} 18. axb5 {[%clk 0:16:30]}
Qc7 {[%clk 0:20:26]} 19. g3 {[%clk 0:06:53]} Bxc1 {[%clk 0:14:57]} 20. Rxc1
{[%clk 0:07:22]} Ra4 {[%clk 0:14:30]} 21. Nf3 {[%clk 0:07:04]} Rfa8 {[%clk
0:13:58]} 22. bxc6 {[%clk 0:07:22]} bxc6 {[%clk 0:14:27]} 23. Rcb1 {[%clk
0:07:43]} R4a7 {[%clk 0:09:39]} 24. Ne5 {[%clk 0:07:24]} Nd7 {[%clk 0:07:50]} 25.
Nxd7 {[%clk 0:07:41]} Ra1 {[%clk 0:07:50]} 26. Ne5 {[%clk 0:07:41]} 1-0

[Event "CECLUB Segunda División"]
[Site "Linares"]
[Date "2017.08.08"]
[Round "1"]
[White "Valles Moreno, Ivan"]
[Black "Ortega Lopez, Mikel"]
[Result "1-0"]
[Board "1"]
[WhiteTitle "IM"]
[WhiteElo "2435"]
[WhiteCountry "ESP"]
[WhiteFideId "2205688"]
[WhiteEloChange "2"]
[BlackTitle "FM"]
[BlackElo "2244"]
[BlackCountry "ESP"]
[BlackFideId "22252878"]
[BlackEloChange "-5"]

1. e4 {[%clk 1:30:30]} c5 {[%clk 1:30:30]} 2. Nf3 {[%clk 1:30:30]} Nc6 {[%clk
1:30:30]} 3. Nc3 {[%clk 1:30:30]} Nf6 {[%clk 1:30:30]} 4. d4 {[%clk 1:30:30]}
cxd4 {[%clk 1:30:30]} 5. Nxd4 {[%clk 1:30:30]} d6 {[%clk 1:30:30]} 6. Bc4 {[%clk
1:30:30]} e6 {[%clk 1:30:30]} 7. Be3 {[%clk 1:30:30]} a6 {[%clk 1:30:30]} 8. Bb3
{[%clk 1:30:30]} Qc7 {[%clk 1:30:30]} 9. Qe2 {[%clk 1:30:30]} Na5 {[%clk
1:30:30]} 10. Ba4+ {[%clk 1:30:30]} Bd7 {[%clk 1:30:30]} 11. Bxd7+ {[%clk
1:30:30]} Nxd7 {[%clk 1:30:30]} 12. Rd1 {[%clk 1:30:30]} Be7 {[%clk 1:30:30]} 13.
f4 {[%clk 1:30:30]} Nc4 {[%clk 1:30:30]} 14. Bc1 {[%clk 1:30:30]} O-O {[%clk
1:30:30]} 15. f5 {[%clk 1:30:30]} d5 {[%clk 1:30:30]} 16. fxe6 {[%clk 1:30:30]}
fxe6 {[%clk 1:30:30]} 17. Qg4 {[%clk 1:30:30]} Nc5 {[%clk 1:30:30]} 18. b4 {[%clk
1:30:30]} Nxe4 {[%clk 1:30:30]} 19. Nxe4 {[%clk 1:30:30]} dxe4 {[%clk 1:30:30]}
20. Nxe6 {[%clk 1:30:30]} Qe5 {[%clk 1:30:30]} 21. Nxf8 {[%clk 1:30:30]} Qc3+
{[%clk 1:30:30]} 22. Bd2 {[%clk 1:30:30]} Nxd2 {[%clk 1:30:30]} 23. Qe6+ {[%clk
1:30:30]} Kxf8 {[%clk 1:30:30]} 24. Rxd2 {[%clk 1:30:30]} Bh4+ {[%clk 1:30:30]}
25. Ke2 {[%clk 1:30:30]} e3 {[%clk 1:30:30]} 26. Rf1+ {[%clk 1:30:30]} Bf6 {[%clk
1:30:30]} 27. Rd7 {[%clk 1:30:30]} Qxc2+ {[%clk 1:30:30]} 28. Kf3 {[%clk
1:30:30]} Qg6 {[%clk 1:30:30]} 29. Rc7 {[%clk 1:30:30]} Qh5+ {[%clk 1:30:30]} 30.
g4 {[%clk 1:30:30]} Qh3+ {[%clk 1:30:30]} 31. Ke4 {[%clk 1:30:30]} Qg2+ {[%clk
1:30:30]} 32. Rf3 {[%clk 1:30:30]} Re8 {[%clk 1:30:30]} 33. Rf7+ {[%clk 1:30:30]}
1-0